• 首页
  • 本馆介绍
  • 公告通知
  • 最新文献
  • 馆藏检索
  • 电子资源
  • 读者导购
  • 参考咨询
  • 我的图书馆
  • 登录
  • 详细信息显示
  • 放入我的书架
  • 预约/预借图书
  • 作者相关作品
  • 分类相关作品
  • 丛书相关作品
  • 出版社相关作品

书目信息

  • 表格格式
  • 工作单格式
  • 卡片格式
题名:
中国经济史资料
    
 
作者: 王毓瑚 , 傅筑夫 编
分册:   秦汉三国编
出版信息: 北京   中国社会科学出版社  1982
页数: 548页
开本: 21cm
丛书名:
单 册:
中图分类: F129.3
科图分类:
主题词: 经济史--中国--古代--史料
电子资源:
ISBN:
000 00669nam0 2200241 45
001 0182008672
005 20070731101748.89
010    @dCNY2.15
091    @aCN@b4190.060
100    @a19950610d1982 em y0chiy0121 ea
101 0  @achi
102    @aCN@b110000
105    @ay z 000yy
200 10 @a中国经济史资料@Azhong guo jing ji shi zi liao@i秦汉三国编@f傅筑夫,王毓瑚编
210    @a北京@c中国社会科学出版社@d1982
215    @a548页@d21cm
606    @a经济史@y中国@z古代@x史料
690    @aF129.3@v3
701  0 @a王毓瑚@Awang yu hu@4编
701  0 @a傅筑夫@Afu zhu fu@4编
801  2 @aCN@bNLC@c20070731
801  0 @aCN@bTSSF@c20060731
905    @dF129.3@e73
    
    中国经济史资料.秦汉三国编/傅筑夫,王毓瑚编.-北京:中国社会科学出版社,1982
    548页;21cm
    
    
    ISBN :CNY2.15
    
●
相关链接 在E读中查询图书 在五车中查询图书 在当当中查询图书 在豆瓣中查询图书


正题名:中国经济史资料     索取号:F129.3/73         预约/预借

序号 登录号 条形码 馆藏地/架位号 状态 备注
1 0425326   204253262   密集书库/ [索取号:F129.3/73] 在馆    
2 0425588   204255885   密集书库/ [索取号:F129.3/73] 在馆    
3 0426470   204264704   密集书库/ [索取号:F129.3/73] 在馆    
4 0440872   204408729   密集书库/ [索取号:F129.3/73] 在馆    
5 0785743   207857434   密集书库/ [索取号:F129.3/73] 在馆    
6 0787073   207870730   密集书库/ [索取号:F129.3/73] 在馆    
7 0787286   207872863   密集书库/ [索取号:F129.3/73] 在馆    
8 0787293   207872934   密集书库/ [索取号:F129.3/73] 在馆    
唐山师范学院图书馆 欢迎您!
大连网信软件有限公司© 版权所有